000 01814cam a22004214i 4500
003 PE-LiUPU
005 20250731172950.0
008 150623s r 000 0 d
035 _a(Sirsi) a21342
040 _aPE-LiUPU
_bspa
_cPE-LiUPU
_erda
082 0 4 _a227.107
_bP59
_221
100 1 _aPiper, John,
_eautor.
245 1 4 _aThe justification of God :
_ban exegetical and theological study of Romans 9: 1-23 /
_cJohn Piper.
264 1 _aMichigan :
_bBaker Books,
_c1996.
300 _a245 páginas ;
_c23 cm.
336 _atext
_2rdacontent
337 _aunmediated
_2rdamedia
338 _avolume
_2rdacarrier
504 _aIncluye bibliografía.
505 0 _aMy kinsmen are accursed! Romans 9:1-5. -The purpose that accord with election: Romans 9:6-13. -Exodus 33:19 in its Old Testament Contex. -The justification of God: Romans 9:14-18 (part I). -The righteousness of God in the Old Testament. -The righteousness of God in Romans 3:1-8. -The righteousness of God in Romans 3:25,26. -The justification of God: Romans 9:14-18 (part II). -The rigts and purposes of the creator: Romans 9:19-23.
526 _aSEG42
526 _aSEG41
526 _aSEG40
526 _aSEG39
526 _aP94
526 _aP87
526 _aP86
526 _aP85
526 _aP77
526 _aP76
526 _aP35
630 _aBiblia.
_pN.T.
_pRomanos IX, 1-23
_xCrítica, interpretación, etc.
942 _2ddc
_cBOOK
949 _a227.107 P59
_wDEWEY
_c1
_i44920
_lCCODEBUL1
_mBUL
_p00.00
_r0
_sY
_tBOOK
_u2015-06-24
_xTEOLOGIA
_PP35
_0COMPRA
_o.STAFF. Colección General
596 _a1
999 _a227.107 P59
_wDEWEY
_c21793
_i44920
_f2021-11-9
_g6
_lCCODEBUL1
_mBUL
_r0
_sY
_tBOOK
_u2015-6-24
_xTEOLOGIA
_PP35
_0COMPRA
_o.STAFF. Colección General
_d21793
980 _81
_gALBERTO SANCHEZ Responsable de Automatización